| 000 | 00950nam a2200253Ia 4500 | ||
|---|---|---|---|
| 999 |
_c5267 _d5267 |
||
| 003 | OSt | ||
| 005 | 20200506155101.0 | ||
| 008 | 191128s2006 ck gr 000 0 spa d | ||
| 020 | _a9586535258 | ||
| 040 |
_aCO-JMCR _cCO-JMCR |
||
| 041 | 0 | _aspa | |
| 082 | 0 | 4 |
_a327.17 / _bR196n _223 |
| 100 | 1 |
_aRangel, Alfredo, _eeditor _94036 |
|
| 245 | 1 | 3 |
_aLa nueva seguridad andina : _bavances y retos / _ceditores Alfredo Rangel y Heinrich Meyer |
| 260 |
_aBogotá : _bFundación Konrad Adenauer Stiftung : Fundación Seguridad y Democracia, _c2006 |
||
| 300 |
_axi, 233 páginas ; _c24 cm. |
||
| 505 | 0 | _aGobernabilidad y seguridad -- Narcotráfico -- Fronteras y terrorismo | |
| 650 | 1 | 4 |
_aSeguridad Nacional _zAmérica Latina _94037 |
| 650 | 1 | 4 |
_aGobernabilidad _zAmérica Latina _94038 |
| 650 | 1 | 4 |
_aNarcotráfico _zAmérica Latina _94039 |
| 650 | 1 | 4 |
_aTerrorismo _zAmérica Latina _94040 |
| 700 | 1 |
_aMeyer, Heinrich, _eeditor _94041 |
|
| 942 |
_2ddc _cBK |
||